| 000 | 00348nam a2200133Ia 4500 | ||
|---|---|---|---|
| 008 | 230312s9999||||xx |||||||||||||| ||und|| | ||
| 082 |
_a629.132 _bAIR-A |
||
| 100 | _aM.Haufe | ||
| 245 | 0 | _aAircraft System:Enviromental :P/66-B1/005(P-2) | |
| 260 |
_bPerth College _c2006 |
||
| 300 | _a6 | ||
| 650 |
_aAviation _vEngineering/Technology |
||
| 942 | _cBK | ||
| 999 |
_c12838 _d12838 |
||